| 000 | 01168nam0a22002771 4500 | ||
|---|---|---|---|
| 001 | rc\3698839 | ||
| 005 | 20130115152335.4 | ||
| 035 | _a(NLR Aleph) 007761515 | ||
| 090 |
_a7371329 _c7371329 |
||
| 100 | _a20130115d1973 |||y0rusy50 ca | ||
| 101 | 0 | _arus | |
| 102 | _aRU | ||
| 105 | _aa z ||||| | ||
| 200 | 1 |
_aКлиматическая характеристика аэропорта Псков _fГл. упр. гидрометеорол. службы при Совете Министров СССР. Сев.-Зап. упр. гидрометеорол. службы |
|
| 210 |
_aЛенинград _cБ. и. _d1973 |
||
| 215 |
_a[1], 65 с. _cил. _d20 |
||
| 300 | _aНа 1-й с. сост.: инженеры-синоптики Богданова Н.И., Печенкина Т.И., Сиволап О.С. [и др.] | ||
| 333 | _aДля служебного пользования. Экз. № 000023 | ||
| 702 | 1 |
_aПеченкина _bТ. И. _4220 |
|
| 702 | 1 |
_aБогданова _bН. И. _4220 |
|
| 702 | 1 |
_aСиволап _bО. С. _4220 |
|
| 801 | 0 |
_aRU _bNLR _gpsbo |
|
| 801 | 1 |
_aRU _bELAR _2rusmarc |
|
| 852 |
_aNLR _j73-50к/23111 |
||
| 942 | _cBOOK | ||
| 980 | _aNB | ||